| 000 | 00966cam a22003017a 4500 | ||
|---|---|---|---|
| 003 | CHAP | ||
| 005 | 20220329134722.0 | ||
| 008 | 971013s1964 r 00010 d | ||
| 010 | _a24749 | ||
| 011 | _a25721 | ||
| 035 | _a29821 | ||
| 040 | _cCHAP | ||
| 082 |
_a382 _bI58g |
||
| 110 |
_aInstituto de Desarrollo Económico _959113 |
||
| 245 | 0 | _aGrupos regionales de Comercio | |
| 260 |
_aWashington : _bInstituto de Desarrollo Económico, _c1964 |
||
| 300 | _a201 p | ||
| 590 |
_aBATCH-UPD _b10 _c20130110 _lUCH01 _h1138 |
||
| 590 |
_aBATCH-UPD _b10 _c20130410 _lUCH01 _h0725 |
||
| 590 |
_aBATCH-UPD _b10 _c20130914 _lUCH01 _h1931 |
||
| 590 |
_aCONVERSION _b10 _c20130109 _lUCH01 _h1314 |
||
| 650 | 1 | 4 |
_aAmerica Latina _xComercio _xEuropa. _95388 |
| 650 | 1 | 4 |
_aPolítica comercial _xAmérica Latina. _990471 |
| 650 | 1 | 4 |
_aPolítica comercial _xEuropa. _990475 |
| 901 | _aBK | ||
| 942 | _cLIBRO | ||
| 949 |
_a382 I58g _bBC _cLIBRO _d33724000441309 _eLIBRO _h7080 _i29821 _mD _si |
||
| 999 |
_c24749 _d24749 |
||